Normal view
MARC view
- Vaetak, G V
Entry Personal Name
001 - CONTROL NUMBER
- control field: 7848
003 - CONTROL NUMBER IDENTIFIER
- control field: OSt
005 - DATE AND TIME OF LATEST TRANSACTION
- control field: 20260124141219.0
008 - FIXED-LENGTH DATA ELEMENTS
- fixed length control field: 260124|| aca||aabn | a|a d
040 ## - CATALOGING SOURCE
- Original cataloging agency: OSt
- Transcribing agency: OSt
100 ## - HEADING--PERSONAL NAME
- Personal name: Vaetak, G V
670 ## - SOURCE DATA FOUND
- Source citation: Work cat.: (OSt)2464: Deshpande, R.S ., Treatise on building construction / , 1964.
